00606nam a2200193Ia 4500003000900000008004100009020002200050040001600072080001500088100002400103245004800127260003400175300001500209650003400224650004100258942000700299999001500306952009100321IN-BaIIA211028s9999 xx 000 0 eng d a978 0486 238 93 7 cIIA Library a520.2bKIN aKing, Henry C93061 4aThe history of the telescopecHenry C. King aLondonbCharles Griffinc1955 axvi, 456p. aAstronomical telescopes92016 aAstronomy and astrophysics thesaurus cBK c1514d1514 00104070aBANbBANcGENd0000-00-00l0o520.2/ KINp1632r2021-11-05w0000-00-00yBK